Cazas : 1919-39 /

Los veinte años que abarca el contexto de este libro fueron testigos de grandes avances en prácticamente todos los campos de la aviación militar. Estos veinte años están representados en este volumen por 80 aparatos entre cazas, aviones de ataque y de entrenamiento, que abarcan desde los biplanos de...

Cur síos iomlán

Sábháilte in:
Sonraí bibleagrafaíochta
Príomhchruthaitheoir: Munson, Kenneth (autor)
Formáid: LEABHAR
Teanga:Spáinnis
Foilsithe / Cruthaithe: Madrid, España : San Martín, 1971, c1970
Sraith:(Enciclopedia en Color de la Aviación Mundial)
Ábhair:
Clibeanna: Cuir clib leis
Níl clibeanna ann, Bí ar an gcéad duine le clib a chur leis an taifead seo!

MARC

LEADER 00000nam^a2200000^a^4500
001 000124563
005 20250521000000.0
009 20260310094618.373
037 |a Acervo ITESO - Biblioteca 
041 |a ESP 
082 |a 623. 7464  |b MUN V. 1 
100 |a Munson, Kenneth  |e (autor) 
245 1 0 |a Cazas :  |b 1919-39 /  |c K. Munson ; tr. por Jesús Sáez. 
264 4 |a Madrid, España :  |b San Martín,  |c 1971, c1970 
300 |a 147 p. 
336 |a texto  |b txt  |2 rdacontenido 
337 |a sin mediación  |b n  |2 rdamedio 
338 |a volumen  |b nc  |2 rdasoporte 
440 1 |a (Enciclopedia en Color de la Aviación Mundial) 
500 |a Traducción de: Fighters, 1919-1939 
520 |a Los veinte años que abarca el contexto de este libro fueron testigos de grandes avances en prácticamente todos los campos de la aviación militar. Estos veinte años están representados en este volumen por 80 aparatos entre cazas, aviones de ataque y de entrenamiento, que abarcan desde los biplanos de motor rotativo y armados con dos ametralladoras, hasta los monoplanos de gran armamento. 
649 |a XX 
650 |a Cazas (Aviones) 
650 |a Aviones 
650 |a Aeronáutica Militar 
650 |a Aeronáutica 
650 |a Ingeniería Militar 
910 |a Fondo Salvador Reynoso Reynoso 
920 |a Impresos - Libros 
930 |a Fondos Especiales 
905 |a 112 
901 |a 0800007693  |b IT2  |c ESP  |u 20250521 
902 |a https://opac.biblio.iteso.mx/vufind/Record/000124563